El gran artista (Record no. 171153)

MARC details
000 -LEADER
campo de control de longitud fija 00945nam a22002175i 4500
001 - NÚMERO DE CONTROL
campo de control 171153
003 - IDENTIFICADOR DE NÚMERO DE CONTROL
campo de control ES-MaACL
005 - FECHA Y HORA DE LA ÚLTIMA TRANSACCIÓN
campo de control 20250928134516.0
008 - DATOS DE LONGITUD FIJA--INFORMACIÓN GENERAL
campo de control de longitud fija 090430s1880 sp |||| | spa d
100 1# - ENTRADA PRINCIPAL--NOMBRE DE PERSONA
Nombre de persona Cuartero, Manuel.
9 (RLIN) 126653
245 13 - MENCIÓN DEL TÍTULO
Título El gran artista
Resto del título : zarzuela en un acto y en prosa /
Mención de responsabilidad, etc. letra de Manuel Cuartero y Waldo Ferrer y Garayta ; música del maestro Pedro Urrutia.
260 ## - PUBLICACIÓN, DISTRIBUCIÓN, ETC.
Lugar de publicación, distribución, etc. Madrid :
Nombre del editor, distribuidor, etc. [s.n.],
Fecha de publicación, distribución, etc. 1880 (
Fabricante Est. tip. de M. P. Montoya)
300 ## - DESCRIPCIÓN FÍSICA
Extensión 20 p. ;
Dimensiones 18 cm.
500 ## - NOTA GENERAL
Nota general En port.: Representada en el teatro del Recreo la noche del 20 de enero de 1879.
500 ## - NOTA GENERAL
Nota general Solo la letra.
700 1# - ENTRADA AGREGADA--NOMBRE PERSONAL
Nombre de persona Urrutia, Pedro,
Fechas asociadas al nombre 1850-1917
9 (RLIN) 139996
700 1# - ENTRADA AGREGADA--NOMBRE PERSONAL
Nombre de persona Ferrer Garayta, Waldo.
9 (RLIN) 139994
852 ## - LOCALIZACIÓN
Ubicación ES-MaACL
Número de control de estantería F-8587(17)
condición física Falto de la cub. original
Nota libre Enc. pasta española
-- Enc. en un vol. facticio formando parte de la col. "Teatro español moderno", vol. 40
942 ## - ELEMENTOS DE ENTRADA SECUNDARIOS (KOHA)
Fuente del sistema de clasificación o colocación Clasificación decimal universal
Holdings
Estatus retirado Estado de pérdida Estado de daño No para préstamo Colección Biblioteca de origen Biblioteca actual Ubicación en estantería Fecha de adquisición Fuente de adquisición Total de préstamos Signatura topográfica completa Código de barras Visto por última vez Precio de reemplazo Tipo de ítem Koha
        Libros del s. XIX Biblioteca del Ateneo de Madrid Biblioteca del Ateneo de Madrid Sala Pecera Planta 2 30/04/2009     F-8587(17) 1179618 23/02/2023 23/02/2023 Libro impreso antiguo